Intermediate Text Book of English Literature Part I (Record no. 2057)

MARC details
000 -LEADER
fixed length control field 00415nam a2200145Ia 4500
008 - FIXED-LENGTH DATA ELEMENTS--GENERAL INFORMATION
fixed length control field 211109s9999||||xx |||||||||||||| ||und||
082 ## - DEWEY DECIMAL CLASSIFICATION NUMBER
Classification number 820
Item number WYA-I
100 ## - MAIN ENTRY--PERSONAL NAME
Personal name Wyatt, A J
245 #0 - TITLE STATEMENT
Title Intermediate Text Book of English Literature Part I
260 ## - PUBLICATION, DISTRIBUTION, ETC.
Name of publisher, distributor, etc. University of Toronto
Place of publication, distribution, etc. London
Date of publication, distribution, etc. 1926
300 ## - PHYSICAL DESCRIPTION
Extent 437p.
630 ## - SUBJECT ADDED ENTRY--UNIFORM TITLE
General subdivision General Stack
650 ## - SUBJECT ADDED ENTRY--TOPICAL TERM
Topical term or geographic name entry element English & Old English literatures
942 ## - ADDED ENTRY ELEMENTS (KOHA)
Koha item type BOOK
650 ## - SUBJECT ADDED ENTRY--TOPICAL TERM
General subdivision Literature
Holdings
Withdrawn status Lost status Damaged status Not for loan Home library Current library Date acquired Cost, normal purchase price Total Checkouts Full call number Barcode Shelving location Date last seen Price effective from Koha item type
        SB LIBRARY SB LIBRARY 09/11/2021 100.00   820 WYA-I 00002227 GENERAL STACK 09/11/2021 09/11/2021 BOOK

Powered by Koha